00488nam a2200169 450000500170000002000280001704000340004508200200007910000210009924500430012026000530016330000290021650400190024554600090026465000250027365000200029820251009145354.0 a9976604238cTZS 8,000/= aMCCLbeng.eAACR 2nd rev. ed. a658.8009678 MSA aMsangi, Timon M. aElements of marketingcTimon M. Msangi aDar es Salaam:bDar es Salaam University.cc2007 axii, 279p.:bill.;c22cm aIncludes index aeng. aMarketing management aMarket analysis